Ecological aquaculture : The evolution of the blue revolution
Kaydedildi:
| Materyal Türü: | Kitap |
|---|---|
| Dil: | Undetermined |
| Baskı/Yayın Bilgisi: |
Oxford, UK
Blackwell Science
2002
|
| Konular: | |
| Etiketler: |
Etiketle
Etiket eklenmemiş, İlk siz ekleyin!
|
| Thư viện lưu trữ: | Trung tâm Học liệu Trường Đại học Cần Thơ |
|---|
| LEADER | 00585nam a2200205Ia 4500 | ||
|---|---|---|---|
| 001 | CTU_68180 | ||
| 008 | 210402s9999 xx 000 0 und d | ||
| 020 | |b 98 | ||
| 082 | |a 338.71 | ||
| 082 | |b E17 | ||
| 245 | 0 | |a Ecological aquaculture : | |
| 245 | 4 | |b The evolution of the blue revolution | |
| 245 | 0 | |c Edited by Barry A. Costa-Pierce | |
| 260 | |a Oxford, UK | ||
| 260 | |b Blackwell Science | ||
| 260 | |c 2002 | ||
| 650 | |a Aquaculture,Aquacultureeconomic aspects | ||
| 650 | |x Environmental aspects | ||
| 904 | |i Minh | ||
| 980 | |a Trung tâm Học liệu Trường Đại học Cần Thơ | ||